000 00794nam a2200241 i 4500
001 bg
100 1 _aGUTKOWSKI, Bogdan
245 1 0 _aAktualne przepisy w ochronie środowiska [z suplementami :
_bporadnik /
_caut. Bogdan Gutkowski] ; Agencja Ochrony Środowiska w Koszalinie.
250 _aStan prawny na dzień 15.07.2002 r.
260 _aKoszalin :
_bAOŚ,
_c2002.
300 _a386 s. ;
_c30 cm.
650 9 _aŚrodowisko człowieka
_xhigiena i ochrona
_xprawo
_zPolska
_ystan na 2002 r.
655 _aPoradniki
710 0 _aAgencja Ochrony Środowiska (Koszalin)
020 _a8391534553
040 _cBPK
041 0 _apl
080 _a349.6(438)(083.1)
920 _a83-915345-5-3
942 _cKS
008 s pl f |000 0 pol
999 _c41690
_d41690
856 _uhttp://koha.tu.koszalin.pl/cgi-bin/koha/opac-detail.pl?biblionumber=41690
_yKatalog online BPK